| 000 | 00842cam a2200241 i 4500 | ||
|---|---|---|---|
| 999 |
_c11722 _d11722 |
||
| 003 | OSt | ||
| 005 | 20230717183503.0 | ||
| 008 | 131230t20132013ii a b 000 0 eng d | ||
| 020 | _a9788186906729 (pbk.) | ||
| 043 | _aa-ii--- | ||
| 082 | 0 | 4 |
_a363.73920954 _223 |
| 245 | 0 | 0 |
_aGood news & bad news : _bclearing the air in Indian cities / _ceditors, Souparno Banerjee, Papia Samajdar and Sheeba Madan. |
| 246 | 1 | 7 | _aGood news bad news |
| 246 | 3 | _aGood news and bad news | |
| 300 |
_a262 pages : _billustrations (chiefly color) ; _c29 cm |
||
| 504 | _aIncludes bibliographical references. | ||
| 650 | 0 |
_aAir _xPollution _zIndia. |
|
| 700 | 1 |
_aBanerjee, Souparno, _eeditor. |
|
| 700 | 1 |
_aSamajdar, Papia, _d1981- _eeditor. |
|
| 700 | 0 |
_aSheeba Madan, _eeditor. |
|
| 710 | 2 | _aCentre for Science and Environment (New Delhi, India) | |
| 942 | _2ddc | ||